000 00428nam a22001577a 4500
005 20250828121509.0
008 250828b |||||||| |||| 00| 0 eng d
020 _a978-93-80864-53-2
041 _aeng
082 _a294.594
100 _aTEJOMAYANANDA, SWAMI
_98651
245 _aDHARMA SHASTRA: WAY TO PEACE, PROSPERITY AND PURITY
260 _aMUMBAI
_bCENTRAL CHINMAYA MISSION TRUST
_c2023
300 _a104;P
942 _cBK
999 _c8777
_d8775